Online
Catalog

Salud y seguridad social en República Dominicana : (Record no. 49455)

MARC details
000 -CABECERA
campo de control de longitud fija 01385nam a22002777a 4500
003 - IDENTIFICADOR DEL NÚMERO DE CONTROL
campo de control OSt
005 - FECHA Y HORA DE LA ÚLTIMA TRANSACCIÓN
campo de control 20210407083845.0
008 - DATOS DE LONGITUD FIJA--INFORMACIÓN GENERAL
campo de control de longitud fija 210225b 2020 dr a 00| 0 eng d
020 ## - NÚMERO INTERNACIONAL ESTÁNDAR DEL LIBRO
Número Internacional Estándar del Libro 9789945919240
040 ## - FUENTE DE LA CATALOGACIÓN
Centro catalogador/agencia de origen DO-SdBNP
Lengua de catalogación spa
Centro/agencia transcriptor BNPHU
082 #4 - NÚMERO DE LA CLASIFICACIÓN DECIMAL DEWEY
Número de clasificación 368.40097293
Número de documento/Ítem M828s
Número de edición 22
100 1# - ENTRADA PRINCIPAL--NOMBRE DE PERSONA
Nombre de persona Morales Billini, Fernando,
Fechas asociadas al nombre 1952-
9 (RLIN) 77930
245 10 - MENCIÓN DE TÍTULO
Título Salud y seguridad social en República Dominicana :
Resto del título pautas para el cambio /
Mención de responsabilidad, etc. Fernando Morales Billini ; cuidado de la edición: Aimara Vera Riverón ; prólogo Nélsida Marmolejos.
260 ## - PUBLICACIÓN, DISTRIBUCIÓN, ETC.
Lugar de publicación, distribución, etc. Santo Domingo :
Nombre del editor, distribuidor, etc. EGRAF,
Fecha de publicación, distribución, etc. 2020.
300 ## - DESCRIPCIÓN FÍSICA
Extensión 276 p. :
Otras características físicas il., fots., grafcs., tablas ;
Dimensiones 23 cm.
500 ## - NOTA GENERAL
Nota general Incluye datos biográficos del autor en la solapa de la cubierta.
500 ## - NOTA GENERAL
Nota general Incluye referencias bibliográficas y notas al pie de las páginas.
505 0# - NOTA DE CONTENIDO CON FORMATO
Título Índice --
-- Dedicatoria --
-- Agradecimientos --
-- Prólogo --
-- Introducción --
-- Salud pública y seguridad --
-- Globalización y salud --
-- Medicina de alto costo e investigación en salud --
-- Apéndice --
-- Testimonio gráfico.
590 ## - NOTA LOCAL (RLIN)
Nota local Inventariado, 2021 /LP<br/><br/>
650 #4 - PUNTO DE ACCESO ADICIONAL DE MATERIA--TÉRMINO DE MATERIA
Término de materia o nombre geográfico como elemento de entrada Seguridad social
Subdivisión geográfica República Dominicana
9 (RLIN) 2151
650 #4 - PUNTO DE ACCESO ADICIONAL DE MATERIA--TÉRMINO DE MATERIA
Término de materia o nombre geográfico como elemento de entrada Salud pública
Subdivisión geográfica República Dominicana
9 (RLIN) 2078
700 1# - PUNTO DE ACCESO ADICIONAL--NOMBRE DE PERSONA
Nombre de persona Marmolejos, Nélsida,
Término indicativo de función/relación pról.
9 (RLIN) 16080
700 1# - PUNTO DE ACCESO ADICIONAL--NOMBRE DE PERSONA
Nombre de persona Vera Riverón, Aimara,
Término indicativo de función/relación ed.
9 (RLIN) 77931
910 ## - DATOS DE OPCIÓN DEL USUARIO (OCLC)
Datos de opción del usuario LP/2021/Validado. Control de calidad MFF
942 ## - ELEMENTOS DE PUNTO DE ACCESO ADICIONAL (KOHA)
Fuente del sistema de clasificación o colocación Dewey Decimal Classification
Tipo de ítem Koha Libro
Holdings
Estado de retiro Estado de pérdida Fuente del sistema de clasificación o colocación Restricciones de uso No para préstamo Código de colección Localización permanente Ubicación/localización actual Ubicación en estantería Fecha de adquisición Fuente de adquisición Total de préstamos Signatura topográfica completa Código de barras Fecha visto por última vez Precio válido a partir de Tipo de ítem Koha Número de copia
    Dewey Decimal Classification Préstamo en sala Préstamo restrigido Patrimonio Dominicano Biblioteca Nacional Pedro Henríquez Ureña General Depósito 25.02.2021 Depósito Legal   BNPHU PD 368.40097293 M828s 2021-0472 25.02.2021 25.02.2021 Libro y Folleto Colección Patrimonio Dominicano e. 2
    Dewey Decimal Classification Préstamo en sala   Dominicana de Servicio Biblioteca Nacional Pedro Henríquez Ureña General Depósito 24.03.2021     BNPHU DS 368.40097293 M828s 2021-1201 24.03.2021 24.03.2021 Libro y Folleto Colección Dominicana de Servicio e.4
    Dewey Decimal Classification Préstamo en sala   Dominicana de Servicio Biblioteca Nacional Pedro Henríquez Ureña General Depósito 24.03.2021     BNPHU DS 368.40097293 M828s 2021-1202 24.03.2021 24.03.2021 Libro y Folleto Colección Dominicana de Servicio e.5
    Dewey Decimal Classification Excluido de préstamo Excluido de préstamo Patrimonio Dominicano Biblioteca Nacional Pedro Henríquez Ureña Patrimonio Dominicano Depósito 25.02.2021 Depósito Legal   BNPHU PD 368.40097293 M828s 2021-0470 25.02.2021 25.02.2021 Libro y Folleto Colección Patrimonio Dominicano  
    Dewey Decimal Classification Excluido de préstamo Excluido de préstamo Dominicana de Servicio Biblioteca Nacional Pedro Henríquez Ureña Patrimonio Dominicano Depósito 25.02.2021 Depósito Legal   BNPHU DS 368.40097293 M828s 2021-1199 25.02.2021 25.02.2021 Libro y Folleto Colección Dominicana de Servicio e. 3

Powered by Koha